[Event "Hoogeveen Open"]
[Site "Hoogeveen"]
[Date "2008.10.19"]
[Round "3"]
[White "Van der Leest, Bert"]
[Black "Cako, Laszlo"]
[Result "0-1"]
[WhiteElo "2146"]
[BlackElo "2233"]
[PlyCount "72"]
[EventDate "2008.??.??"]

1. e4 e5 2. Nf3 Nc6 3. Bc4 Nf6 4. d3 Be7 5. O-O O-O 6. Bb3 Re8 7. Ng5 Rf8 8.
Nf3 h6 9. h3 Re8 10. Re1 Bf8 11. c3 d6 12. Nbd2 Na5 13. Bc2 c5 14. Nf1 Nc6 15.
Ne3 Be6 16. Nh2 Qd7 17. Nhg4 Nxg4 18. hxg4 g6 19. Qf3 Bg7 20. g3 Ne7 21. Kg2 d5
22. Rh1 d4 23. Nf5 gxf5 24. gxf5 Nxf5 25. Qh5 Nd6 26. Bxh6 f5 27. exf5 Nxf5 28.
Bg5 Bf7 29. Qh7+ Kf8 30. Bb3 Qc6+ 31. f3 Qg6 32. Qxg6 Bxg6 33. Ba4 Re6 34. Rae1
Be8 35. Bb3 Rg6 36. f4 Bc6+ 0-1

[Event "Hoogeveen Open"]
[Site "Hoogeveen"]
[Date "2008.10.19"]
[Round "3"]
[White "Akotchik, Viktor"]
[Black "De Groote, Ewoud"]
[Result "0-1"]
[WhiteElo "2128"]
[BlackElo "2208"]
[PlyCount "118"]
[EventDate "2008.??.??"]

1. e4 c5 2. Nf3 d6 3. d4 cxd4 4. Nxd4 Nf6 5. Nc3 a6 6. Be2 e6 7. f4 Be7 8. O-O
O-O 9. Kh1 Nc6 10. Bf3 Qc7 11. a4 Nxd4 12. Qxd4 e5 13. Qf2 exf4 14. Bxf4 Be6
15. Rfd1 Rac8 16. Qg3 Qb6 17. e5 dxe5 18. Bxe5 Rfd8 19. a5 Qb4 20. Bd5 Qxb2 21.
Bxe6 fxe6 22. Nd5 Qxc2 23. Bxf6 Bxf6 24. Nxf6+ Kh8 25. Nd7 Rc7 26. Qf3 h6 27.
Ne5 Rxd1+ 28. Rxd1 Kh7 29. h4 Rc5 30. Re1 Rxa5 31. Kh2 Qf5 32. Qg3 Rd5 33. Nf3
a5 34. Qc7 a4 35. Qxb7 Rb5 36. Qe4 Qxe4 37. Rxe4 Ra5 38. Rxe6 a3 39. Re1 a2 40.
Ra1 Kg6 41. Kg3 Kf5 42. Nd4+ Ke4 43. Nc2 Ra4 44. Rf1 Kd3 45. Na1 Kd2 46. h5
Ra3+ 47. Rf3 Ra6 48. Kh4 Kc1 49. g4 Kb2 50. Rf1 Rc6 51. Rf7 Kxa1 52. Rxg7 Rc1
53. g5 Rh1+ 54. Kg4 Rg1+ 55. Kf5 Rxg5+ 56. Rxg5 hxg5 57. h6 Kb1 58. h7 a1=Q 59.
Kg6 Qh8 0-1

[Event "Hoogeveen open"]
[Site "Hoogeveen"]
[Date "2008.??.??"]
[Round "4"]
[White "Robson, Ray"]
[Black "Ernst, Sipke"]
[Result "1/2-1/2"]
[WhiteElo "2466"]
[BlackElo "2576"]
[PlyCount "50"]
[EventDate "2008.??.??"]

1. e4 e5 2. Nf3 Nc6 3. Bb5 a6 4. Ba4 Nf6 5. O-O Nxe4 6. d4 b5 7. Bb3 d5 8. dxe5
Be6 9. Nbd2 Nc5 10. c3 Be7 11. Bc2 d4 12. Nb3 d3 13. Bb1 Nxb3 14. axb3 Bf5 15.
Re1 O-O 16. Be3 Qd5 17. b4 Rfd8 18. Ba2 Qd7 19. Nd4 Nxd4 20. Bxd4 Bxb4 21. e6
Bxe6 22. Rxe6 fxe6 23. Qg4 Kh8 24. Bxe6 Qe7 25. cxb4 Rxd4 1/2-1/2

[Event "Hoogeveen open"]
[Site "Hoogeveen"]
[Date "2008.??.??"]
[Round "4"]
[White "Gupta, Abhijeet"]
[Black "Di Berardino, Diego Rafael"]
[Result "1-0"]
[WhiteElo "2580"]
[BlackElo "2502"]
[PlyCount "113"]
[EventDate "2008.??.??"]

1. d4 Nf6 2. c4 g6 3. Nc3 Bg7 4. e4 d6 5. Be2 O-O 6. Be3 e5 7. Nf3 Ng4 8. Bg5
f6 9. Bh4 g5 10. Bg3 Nh6 11. d5 Nd7 12. Nd2 f5 13. exf5 Nf6 14. Nde4 Nxe4 15.
Nxe4 Bxf5 16. Bd3 g4 17. O-O Qe8 18. c5 Qg6 19. Re1 Nf7 20. Bh4 Qh6 21. g3 Kh8
22. Rc1 Qg6 23. Qb3 Bh6 24. Rcd1 b6 25. cxd6 Nxd6 26. Qc2 Rf7 27. Re2 Raf8 28.
Rde1 Bg7 29. Rf1 Bh6 30. b4 Qg7 31. a4 Bc8 32. Nc3 Nf5 33. Bxf5 Bxf5 34. Ne4
Qg6 35. Qc4 Bc8 36. b5 Bb7 37. Qc3 Bg7 38. Rd1 Rd7 39. Qc4 Qf5 40. a5 Qf3 41.
Red2 bxa5 42. Rd3 Qe2 43. Qa4 a6 44. b6 Bc8 45. b7 Bxb7 46. Qxd7 Qxe4 47. Be7
Rg8 48. Qxc7 Ba8 49. Qd6 Qf5 50. Qe6 Qh5 51. Rc3 Qe8 52. d6 Qa4 53. Rcd3 Qe4
54. Rd5 Bxd5 55. Qxd5 Qxd5 56. Rxd5 Bf8 57. Bh4 1-0

[Event "Hoogeveen open"]
[Site "Hoogeveen"]
[Date "2008.??.??"]
[Round "4"]
[White "Ikonnikov, Vyacheslav"]
[Black "Neelotpal, Das"]
[Result "1/2-1/2"]
[WhiteElo "2571"]
[BlackElo "2477"]
[PlyCount "90"]
[EventDate "2008.??.??"]

1. d4 Nf6 2. Nf3 d5 3. c4 c6 4. Nc3 dxc4 5. a4 Bf5 6. e3 e6 7. Bxc4 Bb4 8. O-O
O-O 9. Qe2 Ne4 10. Bd2 Nxd2 11. Nxd2 Nd7 12. Nde4 Qa5 13. Ng3 Bg6 14. Rac1 Nf6
15. f4 c5 16. d5 Qb6 17. dxe6 fxe6 18. f5 Bf7 19. Nce4 exf5 20. Nxf6+ Qxf6 21.
Rxf5 Qe7 22. Rxf7 Rxf7 23. Nf5 Qc7 24. Qd3 Kh8 25. Bxf7 Qxf7 26. Nd6 Qg6 27.
Rd1 Qxd3 28. Rxd3 b6 29. Kf2 Kg8 30. Nc4 Rf8+ 31. Ke2 g6 32. b3 Rf7 33. Ne5 Rc7
34. Rd8+ Kg7 35. Kd3 Kf6 36. Nc4 Ke7 37. Rd5 Ke6 38. Re5+ Kf6 39. Rd5 Ke6 40.
e4 Rf7 41. Ke2 Bc3 42. Rd6+ Ke7 43. Rd3 Bd4 44. Rf3 Rf6 45. h3 Ke6 1/2-1/2

[Event "Hoogeveen open"]
[Site "Hoogeveen"]
[Date "2008.??.??"]
[Round "4"]
[White "Naumkin, Igor"]
[Black "Safarli, Eltaj"]
[Result "1/2-1/2"]
[WhiteElo "2506"]
[BlackElo "2568"]
[PlyCount "62"]
[EventDate "2008.??.??"]

1. d4 Nf6 2. c4 c5 3. d5 e6 4. Nc3 exd5 5. cxd5 d6 6. e4 g6 7. Nf3 Bg7 8. Be2
O-O 9. O-O Re8 10. Nd2 Nbd7 11. f4 c4 12. Kh1 Nc5 13. e5 dxe5 14. Nxc4 e4 15.
Be3 Nd3 16. Bxd3 exd3 17. Qxd3 Bf5 18. Qd2 b5 19. Nxb5 Ne4 20. Qd1 Rc8 21. Rc1
Qd7 22. Nd4 Bg4 23. Qd3 Qxd5 24. Ne5 Rxc1 25. Rxc1 Bxe5 26. fxe5 Rxe5 27. Kg1
Nc5 28. Qd2 Qe4 29. Rc3 Qb1+ 30. Rc1 Qd3 31. Rc3 Qb1+ 1/2-1/2

[Event "Hoogeveen open"]
[Site "Hoogeveen, Netherlands"]
[Date "2008.10.20"]
[Round "4"]
[White "Mekhitarian, Krikor Sevag"]
[Black "Spoelman, Wouter"]
[Result "0-1"]
[WhiteElo "2511"]
[BlackElo "2459"]
[PlyCount "116"]
[EventDate "2008.??.??"]

1. e4 c5 2. Nf3 e6 3. d4 cxd4 4. Nxd4 Nf6 5. Nc3 Qb6 6. e5 Bc5 7. Be3 Nd5 8.
Nxd5 exd5 9. c3 Nc6 10. Bd3 Nxe5 11. O-O Nxd3 12. Qxd3 O-O 13. Nf5 d6 14. Ne7+
Kh8 15. Nxd5 Qxb2 16. a4 Bxe3 17. fxe3 Bg4 18. Rfb1 Be2 19. Qd4 Qc2 20. Rxb7 a5
21. Nf4 Rae8 22. Re1 Bg4 23. h3 Bc8 24. Rb5 Re4 25. Qxd6 Rfe8 26. Rc5 Qxa4 27.
Qc7 Qd7 28. Qxd7 Bxd7 29. Rc7 Bb5 30. Rxf7 Bc4 31. Rf5 a4 32. Kf2 a3 33. Ra5 a2
34. Ra1 Rxe3 35. R1xa2 Bxa2 36. Rxa2 Rxc3 37. h4 g6 38. g3 Ree3 39. Ne2 Rf3+
40. Kg2 Rce3 41. Ra7 Kg8 42. Rb7 Rf7 43. Rb8+ Kg7 44. Nf4 Ra7 45. Rb2 Rea3 46.
Kh3 Kf6 47. Rb6+ Kf7 48. Kg4 R3a6 49. Rb8 h5+ 50. Kh3 Ra1 51. Kg2 R7a2+ 52. Kf3
Ra3+ 53. Kg2 R1a2+ 54. Kh3 Rf2 55. Rb7+ Kg8 56. Ne6 Ra1 57. Rb8+ Kh7 58. Ng5+
Kh6 0-1

[Event "Hoogeveen open"]
[Site "Hoogeveen, Netherlands"]
[Date "2008.10.20"]
[Round "4"]
[White "Tan, Matthew"]
[Black "Negi, Parimarjan"]
[Result "0-1"]
[WhiteElo "2321"]
[BlackElo "2597"]
[PlyCount "94"]
[EventDate "2008.??.??"]

1. e4 e5 2. Nf3 Nc6 3. Bb5 a6 4. Bxc6 dxc6 5. O-O Qf6 6. d4 exd4 7. Bg5 Qd6 8.
Nxd4 Bd7 9. Nc3 Ne7 10. Be3 c5 11. Nde2 Qxd1 12. Raxd1 b6 13. Nf4 O-O-O 14.
Nfd5 Ng6 15. f4 f6 16. Rd2 Bc6 17. Rfd1 Kb7 18. Kf2 Bd6 19. g3 Rde8 20. b3 b5
21. Kf3 Rhf8 22. h3 Nh8 23. Ne2 Nf7 24. Nc1 Re6 25. Re2 Rfe8 26. Bf2 c4 27.
bxc4 bxc4 28. a4 f5 29. exf5 Rxe2 30. Nxe2 Bb4 31. Be3 Rd8 32. Rb1 Bxd5+ 33.
Kf2 a5 34. c3 Be4 35. Rb2 Rd3 36. cxb4 Rb3 37. Rxb3 cxb3 38. Bd4 axb4 39. Bxg7
Bxf5 40. g4 Bc2 41. Ke3 c5 42. f5 Kb6 43. Kf4 Ka5 44. h4 Kxa4 45. Bb2 Bd1 46.
Nc1 c4 47. g5 Bh5 0-1

[Event "Hoogeveen open"]
[Site "Hoogeveen, Netherlands"]
[Date "2008.10.20"]
[Round "4"]
[White "Kuipers, Stefan"]
[Black "Romanishin, Oleg M"]
[Result "0-1"]
[WhiteElo "2292"]
[BlackElo "2532"]
[PlyCount "76"]
[EventDate "2008.??.??"]

1. e4 e5 2. Nf3 Nc6 3. Nc3 Bc5 4. Nxe5 Nxe5 5. d4 Bd6 6. dxe5 Bxe5 7. Bd3 Nf6
8. f4 Bxc3+ 9. bxc3 d5 10. e5 Bg4 11. Qd2 Ne4 12. Bxe4 dxe4 13. Ba3 Qxd2+ 14.
Kxd2 O-O-O+ 15. Ke3 h5 16. h3 Bf5 17. g4 hxg4 18. hxg4 Bxg4 19. Rxh8 Rxh8 20.
Rg1 Bf5 21. Rxg7 Rh3+ 22. Kd4 e3 23. Bc1 e2 24. Bd2 Rf3 25. Rxf7 Rxf4+ 26. Bxf4
e1=Q 27. Rxf5 Qd1+ 28. Ke3 Qxc2 29. Rf8+ Kd7 30. Rf7+ Ke6 31. Rxc7 a5 32. Rxb7
Qc1+ 33. Kd3 Qxf4 34. Rb6+ Kd7 35. Rd6+ Kc7 36. Rd4 Qf5+ 37. Ke3 Qxe5+ 38. Kd3
Qf5+ 0-1

[Event "Hoogeveen open"]
[Site "Hoogeveen, Netherlands"]
[Date "2008.10.20"]
[Round "4"]
[White "Pavlovic, Milos"]
[Black "Grover, Sahaj"]
[Result "1-0"]
[WhiteElo "2524"]
[BlackElo "2313"]
[PlyCount "61"]
[EventDate "2008.??.??"]

1. Nf3 Nf6 2. c4 c6 3. d4 d5 4. e3 Bg4 5. Qb3 Qb6 6. Nc3 e6 7. Nh4 Nbd7 8. h3
Bh5 9. Bd2 Qxb3 10. axb3 g5 11. Nf3 h6 12. Bd3 Rg8 13. Ke2 Bg6 14. Bxg6 Rxg6
15. Rhc1 Bd6 16. c5 Bc7 17. b4 Ne4 18. b5 Nxc3+ 19. Rxc3 cxb5 20. c6 bxc6 21.
Rxc6 Bd8 22. Rca6 Bb6 23. Ne5 Rg8 24. Nc6 Rc8 25. Nxa7 Rc2 26. Kd1 Rxb2 27. Kc1
Rxd2 28. Kxd2 Ke7 29. Nxb5 h5 30. Na7 f6 31. Rb1 1-0

[Event "Hoogeveen open"]
[Site "Hoogeveen, Netherlands"]
[Date "2008.10.20"]
[Round "4"]
[White "Van der Wiel, John T.H"]
[Black "Chapman, Terry P D"]
[Result "1-0"]
[WhiteElo "2501"]
[BlackElo "2240"]
[PlyCount "73"]
[EventDate "2008.??.??"]

1. e4 d6 2. d4 Nf6 3. Nc3 g6 4. Bg5 Bg7 5. Qd2 h6 6. Bh4 g5 7. Bg3 Nh5 8. O-O-O
Nc6 9. Bb5 Bd7 10. Nge2 e6 11. Kb1 Qe7 12. d5 Ne5 13. Bxe5 Bxe5 14. Bxd7+ Qxd7
15. h4 g4 16. Qe3 Qe7 17. Rdf1 c5 18. dxc6 bxc6 19. f4 gxf3 20. gxf3 Bg7 21. f4
e5 22. Rhg1 Bf6 23. fxe5 Bxe5 24. Nd4 Qb7 25. Nf3 Rb8 26. b3 Nf4 27. Nxe5 dxe5
28. Qc5 f6 29. Rd1 Rc8 30. Qc4 Rf8 31. Rd6 Rc7 32. Rg8 Ke7 33. Rxf8 Kxf8 34.
Rd8+ Ke7 35. Qg8 Rd7 36. Qf8+ Ke6 37. Na4 1-0

[Event "Hoogeveen open"]
[Site "Hoogeveen, Netherlands"]
[Date "2008.10.20"]
[Round "4"]
[White "Tate, Alan"]
[Black "Agamaliev, Gamil"]
[Result "0-1"]
[WhiteElo "2144"]
[BlackElo "2479"]
[PlyCount "60"]
[EventDate "2008.??.??"]

1. d4 Nf6 2. c4 c5 3. Nf3 cxd4 4. Nxd4 e5 5. Nb5 d5 6. cxd5 Bc5 7. e3 O-O 8.
N5c3 e4 9. a3 a6 10. Be2 b5 11. b4 Bd6 12. Ra2 Nbd7 13. Rd2 Re8 14. g4 Nb6 15.
g5 Nfd7 16. h4 f5 17. gxf6 Nxf6 18. Rg1 Ra7 19. Bb2 Rf7 20. Qc2 Qd7 21. Kd1 Qh3
22. Nxb5 axb5 23. Bxb5 Bg4+ 24. Kc1 Rc8 25. Bc6 Qh2 26. Re1 Qxh4 27. b5 Nfd7
28. Bd4 Rcf8 29. Qxe4 Rxf2 30. Rxf2 Qxf2 0-1

[Event "Hoogeveen open"]
[Site "Hoogeveen, Netherlands"]
[Date "2008.10.20"]
[Round "4"]
[White "Hort, Vlastimil"]
[Black "Afek, Yochanan"]
[Result "1-0"]
[WhiteElo "2478"]
[BlackElo "2319"]
[PlyCount "73"]
[EventDate "2008.??.??"]

1. e4 c5 2. Nc3 Nc6 3. g3 g6 4. Bg2 Bg7 5. d3 d6 6. f4 e6 7. Nf3 Nge7 8. Bd2
Rb8 9. Qe2 b5 10. a3 O-O 11. Nd1 a5 12. Rc1 b4 13. axb4 axb4 14. O-O f5 15. c3
bxc3 16. bxc3 fxe4 17. Qxe4 e5 18. Nf2 d5 19. Qa4 Rb2 20. Nd1 Rb6 21. Nf2 Rb2
22. Qa1 Rb7 23. Qa3 Qb6 24. Be3 exf4 25. Bxc5 Qb2 26. d4 fxg3 27. hxg3 Qxa3 28.
Bxa3 Rb3 29. Bc5 Bh6 30. Rc2 Rf7 31. Re1 Bd7 32. Ne5 Nxe5 33. Rxe5 Rb1+ 34. Kh2
Nc6 35. Rxd5 Nd8 36. Bh3 Rb7 37. Ne4 1-0

[Event "Hoogeveen open"]
[Site "Hoogeveen, Netherlands"]
[Date "2008.10.20"]
[Round "4"]
[White "Pruijssers, Roeland"]
[Black "Groenewold, Jan Joris"]
[Result "1-0"]
[WhiteElo "2458"]
[BlackElo "2106"]
[PlyCount "53"]
[EventDate "2008.??.??"]

1. e4 e5 2. Nf3 Nc6 3. Bb5 Nd4 4. Nxd4 exd4 5. O-O c6 6. Bc4 Nf6 7. Re1 d6 8.
c3 Ng4 9. h3 Ne5 10. Bf1 d3 11. Re3 Be7 12. f4 Nc4 13. Rf3 Qb6+ 14. Kh1 f5 15.
exf5 Bxf5 16. b3 d5 17. bxc4 dxc4 18. Ba3 Bxa3 19. Nxa3 Qc5 20. Re3+ Kd7 21.
Re5 Qxa3 22. Rxf5 Rae8 23. Qg4 Kd8 24. Rf7 Re7 25. Qxg7 Rhe8 26. Qd4+ Kc7 27.
Qxc4 1-0

[Event "Hoogeveen open"]
[Site "Hoogeveen, Netherlands"]
[Date "2008.10.20"]
[Round "4"]
[White "Sparenberg, Erik"]
[Black "Diamant, Andre"]
[Result "0-1"]
[WhiteElo "2041"]
[BlackElo "2412"]
[PlyCount "74"]
[EventDate "2008.??.??"]

1. e4 c5 2. Nf3 e6 3. d4 cxd4 4. Nxd4 Nc6 5. Be3 Nf6 6. Nc3 a6 7. g3 d6 8. Bg2
Bd7 9. O-O Be7 10. f4 O-O 11. h3 Qc7 12. Qe2 Rfe8 13. Nf3 b5 14. e5 dxe5 15.
Nxe5 Nxe5 16. fxe5 Qxe5 17. Bxa8 Rxa8 18. Qf3 Rc8 19. Rad1 Bc6 20. Qf4 Qh5 21.
Kh2 b4 22. Nb1 Bb5 23. g4 Qg6 24. Rf2 Nd5 25. Qe5 Bf6 26. Qg3 Qe4 27. Bf4 Nxf4
28. Nd2 Qe5 29. g5 Ne2 30. Qxe5 Bxe5+ 31. Kg2 Bd4 32. Ne4 Bxf2 33. Kxf2 Nf4 34.
a4 bxa3 35. c4 Bxc4 36. Nd6 Rd8 37. Kg3 Ne2+ 0-1

[Event "Hoogeveen open"]
[Site "Hoogeveen, Netherlands"]
[Date "2008.10.20"]
[Round "4"]
[White "Strating, Sybolt"]
[Black "Mostertman, Milan"]
[Result "1-0"]
[WhiteElo "2335"]
[BlackElo "2044"]
[PlyCount "39"]
[EventDate "2008.??.??"]

1. d4 Nf6 2. c4 e5 3. dxe5 Ng4 4. e4 Nxe5 5. a3 a5 6. Be3 Na6 7. f4 Nc6 8. Nc3
b6 9. Nf3 Bc5 10. Qd2 O-O 11. Bd3 Re8 12. O-O Bxe3+ 13. Qxe3 Nc5 14. Rad1 Bb7
15. e5 f6 16. Bb1 d6 17. Qf2 fxe5 18. Bxh7+ Kxh7 19. Ng5+ Kg6 20. f5+ 1-0

[Event "Hoogeveen open"]
[Site "Hoogeveen, Netherlands"]
[Date "2008.10.20"]
[Round "4"]
[White "Van der Elburg, Freddie"]
[Black "Ulibin, Mikhail"]
[Result "1/2-1/2"]
[WhiteElo "2269"]
[BlackElo "2521"]
[PlyCount "99"]
[EventDate "2008.??.??"]

1. c4 c5 2. g3 Nc6 3. Bg2 g6 4. Nc3 Bg7 5. a3 d6 6. Rb1 a5 7. Nf3 e5 8. d3 Nge7
9. O-O O-O 10. Ne1 Be6 11. Bg5 f6 12. Be3 Qd7 13. Nc2 a4 14. b4 axb3 15. Rxb3
Ra6 16. Qb1 Rb8 17. Nd5 Bxd5 18. cxd5 Na7 19. Bc1 Ra5 20. Bd2 Ra4 21. Ne3 b5
22. Nd1 Ra6 23. Nc3 Rab6 24. Rc1 h6 25. Rc2 f5 26. e4 Kh8 27. Rcb2 Qe8 28. Qc1
g5 29. f3 f4 30. Be1 Ng6 31. Bf2 R6b7 32. Qb1 Qd7 33. Qd1 h5 34. Qe1 Bf6 35.
Ne2 Kg7 36. Qc1 Kh7 37. Kh1 Kh8 38. Rb1 Kg7 39. Qf1 Rh8 40. Kg1 Rb6 41. gxf4
Nxf4 42. Nxf4 gxf4 43. Bh3 Qe8 44. Be6 Kh6 45. Qh3 Rb7 46. Kh1 Rg7 47. Bf5 Rhg8
48. Be6 Rh8 49. Bf5 Rhg8 50. Be6 1/2-1/2

[Event "Hoogeveen open"]
[Site "Hoogeveen, Netherlands"]
[Date "2008.10.20"]
[Round "4"]
[White "Van Apeldoorn, Janton"]
[Black "Brandenburg, Daan"]
[Result "1/2-1/2"]
[WhiteElo "2188"]
[BlackElo "2436"]
[PlyCount "65"]
[EventDate "2008.??.??"]

1. e4 c5 2. Nf3 d6 3. d4 cxd4 4. Nxd4 Nf6 5. f3 e5 6. Nb3 Nc6 7. c4 Be7 8. Be3
O-O 9. Be2 Be6 10. Nc3 a6 11. Rc1 Na5 12. Nd5 Bxd5 13. cxd5 Nd7 14. Nd2 b5 15.
b4 Nb7 16. O-O Rc8 17. Rxc8 Qxc8 18. Qc1 Nb8 19. a3 Qd7 20. Ba7 a5 21. bxa5 Na6
22. Bb6 Bd8 23. Qb2 Nxa5 24. Bxd8 Rxd8 25. Qxb5 Qa7+ 26. Kh1 Nc5 27. Rb1 g6 28.
Nc4 Nxc4 29. Bxc4 Kg7 30. Qb6 Qa8 31. h3 h5 32. Qc6 Qxa3 33. Qb6 1/2-1/2

[Event "Hoogeveen open"]
[Site "Hoogeveen, Netherlands"]
[Date "2008.10.20"]
[Round "4"]
[White "Van Assendelft, Floris"]
[Black "Kaplan, Sasha"]
[Result "1/2-1/2"]
[WhiteElo "2253"]
[BlackElo "2425"]
[PlyCount "129"]
[EventDate "2008.??.??"]

1. e4 c5 2. Nf3 e6 3. d4 cxd4 4. Nxd4 a6 5. Bd3 Bc5 6. Nb3 Be7 7. O-O d6 8. f4
Qc7 9. Qe2 Nc6 10. a4 b6 11. Bd2 Nf6 12. Nc3 O-O 13. Kh1 Bb7 14. Rae1 Nd7 15.
Nd5 exd5 16. exd5 Bf6 17. dxc6 Qxc6 18. Rf3 g6 19. Bc3 Bxc3 20. bxc3 Qxa4 21.
Re3 Nf6 22. Re7 Rfe8 23. Qf1 Bd5 24. Nd4 Rxe7 25. Rxe7 Re8 26. Ra7 Qa3 27. c4
Qb4 28. Ne2 Bxc4 29. f5 Bxd3 30. fxg6 Bxg6 31. Qxf6 Qe1+ 32. Ng1 a5 33. Qxd6 b5
34. Qc6 Rd8 35. Ra8 Rxa8 36. Qxa8+ Kg7 37. Qd5 a4 38. Qxb5 Qa1 39. h4 h5 40. c3
Qxc3 41. Qxa4 Qe1 42. Qf4 Qe4 43. Qg3 f6 44. Nh3 Kh7 45. Kh2 Bf7 46. Qf4 Qe5
47. Qg3 Kh6 48. Nf4 Kh7 49. Nd3 Qd4 50. Nf2 Kh6 51. Nh1 Qe5 52. Nf2 Qd4 53. Nd3
Kh7 54. Ne1 Kh6 55. Nf3 Qe4 56. Qc7 Kg7 57. Qd6 Kg6 58. Kg3 Qg4+ 59. Kf2 Qe4
60. Qd4 Qc2+ 61. Kg3 Qc7+ 62. Qf4 Qc3 63. Kh2 Qc5 64. Qe4+ Kg7 65. Qf4 1/2-1/2

[Event "Hoogeveen open"]
[Site "Hoogeveen, Netherlands"]
[Date "2008.10.20"]
[Round "4"]
[White "Van Delft, Merijn"]
[Black "Wempe, Joost"]
[Result "1-0"]
[WhiteElo "2402"]
[BlackElo "2291"]
[PlyCount "59"]
[EventDate "2008.??.??"]

1. e4 e6 2. d4 d5 3. Nc3 Bb4 4. e5 c5 5. a3 Bxc3+ 6. bxc3 Ne7 7. Qg4 O-O 8. Bd3
f5 9. exf6 Rxf6 10. Bg5 Rf7 11. Qh5 h6 12. Nf3 Nbc6 13. Bh7+ Kf8 14. Bg6 Qa5
15. Bxf7 Qxc3+ 16. Ke2 hxg5 17. Rhd1 Nxd4+ 18. Rxd4 cxd4 19. Re1 Bd7 20. Kf1
Ng8 21. a4 Bxa4 22. Bxe6 Nh6 23. Qxg5 d3 24. Qf4+ Ke7 25. Bh3+ Qxe1+ 26. Nxe1
dxc2 27. Nxc2 Bb5+ 28. Ke1 Bc4 29. Qc7+ Kf8 30. Bc8 1-0

[Event "Hoogeveen open"]
[Site "Hoogeveen, Netherlands"]
[Date "2008.10.20"]
[Round "4"]
[White "Slingerland, Fred"]
[Black "Van Kooten, Luuk"]
[Result "1-0"]
[WhiteElo "2373"]
[BlackElo "2263"]
[PlyCount "65"]
[EventDate "2008.??.??"]

1. e4 c5 2. Nf3 d6 3. d4 cxd4 4. Nxd4 Nf6 5. Nc3 a6 6. Be2 e6 7. f4 Be7 8. O-O
O-O 9. Be3 Nc6 10. Qe1 Nxd4 11. Bxd4 b5 12. a3 Bb7 13. Qg3 g6 14. Bf3 d5 15. e5
Ne4 16. Bxe4 dxe4 17. Rad1 Rc8 18. Qe3 Rc4 19. Rf2 Qc7 20. Rdd2 Qc6 21. b3 Rxd4
22. Rxd4 Bc5 23. Nxe4 Bxd4 24. Nf6+ Kg7 25. Qxd4 Qc7 26. Rd2 Qa5 27. h3 Qxa3
28. f5 Qc1+ 29. Kh2 Qf1 30. Rf2 Qe1 31. fxe6 Rd8 32. Qxd8 Qxf2 33. Qg8+ 1-0

[Event "Hoogeveen open"]
[Site "Hoogeveen, Netherlands"]
[Date "2008.10.20"]
[Round "4"]
[White "Van Eijk, Sander"]
[Black "Dal Borgo, Albin"]
[Result "1-0"]
[WhiteElo "2366"]
[BlackElo "2210"]
[PlyCount "95"]
[EventDate "2008.??.??"]

1. e4 e5 2. f4 Bc5 3. Nf3 d6 4. Nc3 Nf6 5. Bc4 Nc6 6. d3 Bg4 7. Na4 Bb6 8. Nxb6
axb6 9. O-O Nd4 10. fxe5 Bxf3 11. gxf3 dxe5 12. f4 exf4 13. Bxf4 b5 14. Bb3
Nxb3 15. axb3 Rxa1 16. Qxa1 O-O 17. Kh1 Qd7 18. Qd1 Ra8 19. Qf3 Ne8 20. Be5 Ra6
21. c4 bxc4 22. bxc4 Rh6 23. Ra1 Ra6 24. Rf1 Rh6 25. d4 Rh3 26. Bg3 Rh6 27. e5
Rb6 28. d5 Qe7 29. d6 cxd6 30. exd6 Qd7 31. b3 Rc6 32. Ra1 h6 33. Ra8 Rc8 34.
Rxc8 Qxc8 35. Be5 Qe6 36. Qd3 Qd7 37. b4 Nf6 38. Bxf6 gxf6 39. c5 b6 40. Kg1
bxc5 41. bxc5 Kf8 42. Kf2 Qa7 43. Qe3 Qa2+ 44. Kg3 Qd5 45. Qxh6+ Ke8 46. Qxf6
Qd3+ 47. Qf3 Qg6+ 48. Kf2 1-0

[Event "Hoogeveen open"]
[Site "Hoogeveen, Netherlands"]
[Date "2008.10.20"]
[Round "4"]
[White "Jellema, Yme Jan"]
[Black "Bykhovsky, Anatoly A"]
[Result "0-1"]
[WhiteElo "2129"]
[BlackElo "2364"]
[PlyCount "46"]
[EventDate "2008.??.??"]

1. e4 e5 2. Nf3 Nc6 3. Nc3 Nf6 4. d4 exd4 5. Nxd4 Bb4 6. Nxc6 bxc6 7. Bd3 d5 8.
exd5 cxd5 9. O-O O-O 10. Bg5 c6 11. Re1 Qd6 12. Re3 Ng4 13. Rg3 f5 14. h3 Bc5
15. Rf3 Qh2+ 16. Kf1 Re8 17. Be3 Bxe3 18. hxg4 Qh1+ 19. Ke2 Bg5+ 20. Re3 Qxd1+
21. Nxd1 Bxe3 22. Nxe3 fxg4 23. g3 Re5 0-1

[Event "Hoogeveen open"]
[Site "Hoogeveen, Netherlands"]
[Date "2008.10.20"]
[Round "4"]
[White "Vedder, Henk"]
[Black "Algra, Jouke"]
[Result "1-0"]
[WhiteElo "2358"]
[BlackElo "2113"]
[PlyCount "73"]
[EventDate "2008.??.??"]

1. e4 c5 2. Nf3 e6 3. Nc3 a6 4. d4 cxd4 5. Nxd4 Qc7 6. Bd3 Nf6 7. O-O Be7 8.
Kh1 b5 9. f4 d6 10. e5 dxe5 11. fxe5 Qxe5 12. Bf4 Qh5 13. Qxh5 Nxh5 14. Be4
Nxf4 15. Bxa8 Bd6 16. Rad1 Bc7 17. Nc6 Bd7 18. Nxb8 Bxb8 19. Bb7 b4 20. Ne4 Bb5
21. Rf2 Ke7 22. Rfd2 f5 23. Nc5 a5 24. Nb3 Bc7 25. Nd4 Be8 26. Re1 Kf6 27. g3
e5 28. gxf4 exd4 29. Rxd4 Bf7 30. Ba6 Rd8 31. Rxd8 Bxd8 32. Rd1 Bc7 33. Rd4 h6
34. h4 g5 35. hxg5+ hxg5 36. fxg5+ Kxg5 37. Rd7 1-0

[Event "Hoogeveen open"]
[Site "Hoogeveen, Netherlands"]
[Date "2008.10.20"]
[Round "4"]
[White "Haast, Anne"]
[Black "Vul, Arkadi Eremeevich"]
[Result "0-1"]
[WhiteElo "2054"]
[BlackElo "2351"]
[PlyCount "90"]
[EventDate "2008.??.??"]

1. e4 e5 2. Nf3 Nc6 3. Bb5 g6 4. d4 exd4 5. Bg5 Be7 6. Bxe7 Ngxe7 7. Nxd4 d5 8.
Nc3 dxe4 9. Nxc6 Qxd1+ 10. Rxd1 bxc6 11. Bc4 Bf5 12. O-O Nc8 13. Rfe1 Nd6 14.
Bb3 O-O-O 15. Ba4 Kb7 16. Rd4 c5 17. Rd5 Kb6 18. h3 h5 19. a3 c6 20. Rd2 Kc7
21. Red1 Be6 22. b4 cxb4 23. axb4 f5 24. b5 Nxb5 25. Bxb5 Rxd2 26. Rxd2 cxb5
27. Nxb5+ Kb6 28. Nd4 Bc4 29. c3 a5 30. Rb2+ Kc7 31. Rb1 Ra8 32. Ra1 a4 33. Ra3
Kd6 34. Kh2 f4 35. g3 f3 36. Nc2 Bb3 37. Nd4 Bc4 38. h4 e3 39. Kg1 e2 40. Nxf3
Kd5 41. Kg2 Bb3 42. Ra1 a3 43. Ne1 Kc4 44. Kf3 Kxc3 45. Rc1+ Kd2 0-1

[Event "Hoogeveen open"]
[Site "Hoogeveen, Netherlands"]
[Date "2008.10.20"]
[Round "4"]
[White "Cako, Laszlo"]
[Black "Grooten, Herman"]
[Result "1-0"]
[WhiteElo "2233"]
[BlackElo "2376"]
[PlyCount "75"]
[EventDate "2008.??.??"]

1. e4 c6 2. d4 d5 3. e5 Bf5 4. Nd2 e6 5. Nb3 Nd7 6. Nf3 a6 7. Bd3 Bg6 8. O-O c5
9. Bg5 Qc7 10. c4 Bxd3 11. Qxd3 dxc4 12. Qxc4 h6 13. Bd2 Ne7 14. dxc5 Ng6 15.
Ba5 Qc6 16. Nfd4 Ngxe5 17. Qe2 Qd5 18. Rfd1 Qc4 19. Qh5 g6 20. Qh3 g5 21. Rac1
g4 22. Qh5 Qd5 23. Kh1 Nf6 24. Qh4 Be7 25. Nb5 Qc6 26. N3d4 Qe4 27. Nd6+ Bxd6
28. Qxf6 Bf8 29. Nb5 Nd3 30. Nd6+ Bxd6 31. cxd6 O-O 32. Rc3 Nxb2 33. Re3 Qa4
34. Rd4 Rfc8 35. Rxa4 Nxa4 36. d7 Rc1+ 37. Re1 Rxe1+ 38. Bxe1 1-0

[Event "Hoogeveen open"]
[Site "Hoogeveen, Netherlands"]
[Date "2008.10.20"]
[Round "4"]
[White "Van De Oudeweetering, Arth"]
[Black "Balje, Jan"]
[Result "1-0"]
[WhiteElo "2350"]
[BlackElo "2193"]
[PlyCount "71"]
[EventDate "2008.??.??"]

1. e4 c5 2. c3 Nf6 3. e5 Nd5 4. Nf3 Nc6 5. Bc4 e6 6. d4 d6 7. O-O Be7 8. exd6
Qxd6 9. Nbd2 Nf6 10. dxc5 Qxc5 11. Qe2 O-O 12. Ne4 Nxe4 13. Qxe4 Bd7 14. Bf4
Rad8 15. Rfe1 Bc8 16. b4 Qh5 17. Be2 Qg6 18. Qxg6 fxg6 19. Bc7 Rd7 20. Bg3 Bf6
21. Rac1 a6 22. a4 Re8 23. Bc4 Kf7 24. Re3 Nd8 25. Ne5+ Bxe5 26. Bxe5 Rd2 27.
Rce1 Bd7 28. b5 axb5 29. axb5 Rb2 30. R3e2 Bxb5 31. Bxe6+ Rxe6 32. Rxb2 Bc4 33.
f4 b5 34. Rd2 Nc6 35. Rd7+ Ne7 36. Kf2 1-0

[Event "Hoogeveen open"]
[Site "Hoogeveen, Netherlands"]
[Date "2008.10.20"]
[Round "4"]
[White "De Groote, Ewoud"]
[Black "De Jong, Migchiel"]
[Result "1-0"]
[WhiteElo "2208"]
[BlackElo "2349"]
[PlyCount "89"]
[EventDate "2008.??.??"]

1. e4 c5 2. Nf3 e6 3. d4 cxd4 4. Nxd4 a6 5. Bd3 Nf6 6. O-O e5 7. Bg5 d6 8. Nb3
Be7 9. Re1 Be6 10. Na3 Nc6 11. Bxf6 Bxf6 12. Bc4 O-O 13. c3 b5 14. Bf1 Qb6 15.
c4 b4 16. Nc2 Rfd8 17. Ne3 Ne7 18. g3 Bg5 19. Qd3 g6 20. Rad1 a5 21. Nd2 Rac8
22. b3 Nc6 23. Nc2 Kg7 24. Nf3 Bh6 25. h3 f5 26. exf5 Bxf5 27. Qe2 Rf8 28. Bg2
Rf6 29. Ne3 Ne7 30. Ng4 Bxg4 31. hxg4 Rcf8 32. Rf1 g5 33. Nd2 Kh8 34. Be4 Bg7
35. Kg2 Ng8 36. Bb1 Nh6 37. Ne4 Rg6 38. Rd5 Nf7 39. Nd2 Rh6 40. Qe3 Qxe3 41.
fxe3 e4 42. Rff5 Bc3 43. Nxe4 Kg7 44. Nxg5 Nxg5 45. Rxg5+ 1-0